Statistiques concernant Les professionnels de santé par nombre

Cliquez ici pour prendre le quiz!

Statistiques générales

  • Ce quiz a été pris 254 fois
  • Le résultat moyen est 6 sur 23

Statistiques - réponses

ProfessionsNombre% Correct
Médecin227 000
98%
Infirmier723 500
96%
Aide-soignant500 000
75%
Chirurgien-dentiste43 500
62%
Sage-femme23 000
60%
Pharmacien74 000
52%
Manipulateur en électro-radiologie médicale37 500
30%
Pédicure-podologue14 000
29%
Orthophoniste26 000
22%
Ambulancier47 000
19%
Ergothérapeute13 000
19%
Diététicien12 500
17%
Auxiliaire de puériculture?
10%
Opticien-lunetier43 500
10%
Technicien de laboratoire médical48 500
10%
Psychomotricien13 500
9%
Orthoptiste5 000
8%
Masseur-kinésithérapeute90 500
7%
Préparateur en pharmacie60 000
6%
Prothésiste / Orthésiste?
5%
Assistant dentaire22 000
4%
Audio-prothésiste4 000
2%
Physicien médical250
1%

Distribution des résultats

Percentile par nombre de réponses

% des personnes avec chaque résultat

Votre développement - résultats

Vous n’avez pas pris ce quiz